I Think We're Alone Now - Tiffany (All Lyrics) - Statistics

General Stats
  • This quiz has been taken 85 times
  • The average score is 154 of 174
Answer Stats
Answer % Correct
alone
100%
(alone
100%
I
100%
now
100%
now)
100%
the
100%
The
100%
then
100%
think
100%
we
100%
We
100%
we're
100%
anyone
98%
around
98%
be
98%
say
98%
to
98%
doesn't
96%
seem
96%
you
96%
"And
93%
and
93%
And
93%
as
91%
"Children
91%
fast
91%
into
91%
me
91%
Running
91%
what
91%
arms
89%
can
89%
night
89%
That's
89%
they
89%
They
89%
your
89%
get
87%
on
87%
put
87%
There
87%
away
84%
just
84%
together
84%
when
84%
behave"
82%
ground
82%
so
82%
Holdin'
80%
Tryin'
80%
another's
78%
hand
78%
of
78%
one
78%
beating
76%
is
76%
only
76%
sound
76%
our
73%
hearts
71%
tumble
71%
doin'
69%
watch
69%
If
67%
play"
67%
would
67%
at
64%
don't
64%
how
62%
knew
62%
Look
62%
understand
62%
ever
56%
way
56%
'Cause
47%
gotta
44%
hide
40%
No matching quizzes found
Score Distribution
Percent of People with Each Score
Percentile by Number Answered
Your Score History
You have not taken this quiz